Normal view MARC view

Entry Topical Term

Number of records used in: 1

001 - CONTROL NUMBER

  • control field: 49003

003 - CONTROL NUMBER IDENTIFIER

  • control field: OSt

005 - DATE AND TIME OF LATEST TRANSACTION

  • control field: 20241120164659.0

008 - FIXED-LENGTH DATA ELEMENTS

  • fixed length control field: 241120|| aca||aabn | a|a d

040 ## - CATALOGING SOURCE

  • Original cataloging agency: OSt
  • Transcribing agency: OSt

150 ## - HEADING--TOPICAL TERM

  • Topical term or geographic name entry element: Livelihood strategies of rural labour in Bihar, Seasonal labour migration from Bihar, Livelihood crisis of rural labour, Rural labour market.

670 ## - SOURCE DATA FOUND

  • Source citation: Work cat.: (OSt): Pandey, Mrityunjay and Vijay, R. 49002, Analysing livelihood strategies of landless manual labour households in rural bihar: A study of a north Bihar village

Powered by Koha